[Event "Mondiale Lampo FIDE 2019"]
[Site "Mosca"]
[Date "30.12.2019"]
[Round "13.96"]
[White "Thing, Bibek"]
[Black "Yagupov, Igor"]
[Result "0-1"]
[WhiteTitle "CM"]
[BlackTitle "GM"]
[WhiteElo "2222"]
[BlackElo "2357"]
[WhiteFideId "12303135"]
[BlackFideId "4113632"]
[EventDate "2019.12.29"]

1. e4 d6 2. d4 Nf6 3. Nc3 e5 4. Nf3 Nbd7 5. Bc4 Be7 6. O-O O-O 7. Bg5 c6 8. a4
exd4 9. Qxd4 Nc5 10. Rfe1 Ne6 11. Bxe6 Bxe6 12. Rad1 Qa5 13. Bf4 Rfd8 14. h3 h6
15. Qe3 Qb4 16. Qc1 Bf8 17. Rd4 Qb6 18. Red1 d5 19. exd5 Nxd5 20. Nxd5 Rxd5 21.
Be3 Qc7 22. c4 Rxd4 23. Nxd4 Bd7 24. c5 Re8 25. Bf4 Qc8 26. Nf3 Be6 27. b4 Bb3
28. Rd3 Bxa4 29. Ra3 Bb5 30. Rxa7 Ba6 31. Qa1 Re4 32. Bd2 Re8 33. Bf4 Qf5 34.
Bg3 g6 35. Nd4 Qd5 36. Nf3 Bg7 37. Qa3 Qc4 38. Kh2 Kh7 39. Kg1 Rd8 40. Kh2 Rd1
41. Ra8 Qf1 42. Bf4 Qxf2 43. Bg3 Qc2 44. Qe3 Bf1 45. Qg1 Be2 46. Qf2 Rf1 47. Qe3
Bxf3 0-1

[Event "Mondiale Lampo FIDE 2019"]
[Site "Mosca"]
[Date "30.12.2019"]
[Round "13.97"]
[White "Makarian, Rudik"]
[Black "Tran, Tuan Minh"]
[Result "0-1"]
[WhiteTitle "IM"]
[BlackTitle "GM"]
[WhiteElo "2397"]
[BlackElo "2529"]
[WhiteFideId "44105681"]
[BlackFideId "12401820"]
[EventDate "2019.12.29"]

1. d4 Nf6 2. Nf3 e6 3. c4 b6 4. g3 Ba6 5. Bg2 Bxc4 6. Nc3 c6 7. O-O Be7 8. Re1
O-O 9. e4 d6 10. Bg5 Ba6 11. Qc2 Bb7 12. e5 Nd5 13. Ne4 Nb4 14. Qb1 d5 15. Bxe7
Qxe7 16. Neg5 g6 17. a3 N4a6 18. h4 Nd7 19. h5 Nc7 20. Qc1 Ne8 21. Qf4 Ng7 22.
hxg6 fxg6 23. Qh4 0-1

[Event "Mondiale Lampo FIDE 2019"]
[Site "Mosca"]
[Date "30.12.2019"]
[Round "13.98"]
[White "Rozum, Ivan"]
[Black "Mamatov, Melis"]
[Result "0-1"]
[WhiteTitle "GM"]
[WhiteElo "2573"]
[BlackElo "2292"]
[WhiteFideId "24104272"]
[BlackFideId "13800027"]
[EventDate "2019.12.29"]

1. c4 c6 2. Nc3 Nf6 3. e4 e5 4. f4 d6 5. Nf3 Bg4 6. h3 Bxf3 7. Qxf3 Nbd7 8. d3
Nc5 9. f5 Qb6 10. g4 h6 11. Qf2 Be7 12. Be3 Qa5 13. O-O-O d5 14. exd5 cxd5 15.
cxd5 Na4 16. Nxa4 Qxa4 17. b3 Qa3+ 18. Qb2 Nxd5 19. Bd2 Rc8+ 20. Kb1 Qd6 21. d4
e4 22. Bb5+ Kf8 23. Rc1 Rxc1+ 24. Rxc1 e3 25. Rc8+ Bd8 26. Bc1 a6 27. Bc4 Nb6
28. Rc5 Bg5 29. Qc3 Ke7 30. Bxe3 Re8 31. Rc7+ Qxc7 32. Bf2 Kf8 33. d5 Bf6 34.
Qb4+ Kg8 35. Qxb6 Qe5 36. Kc2 Qb2+ 37. Kd3 Qe2# 0-1

[Event "Mondiale Lampo FIDE 2019"]
[Site "Mosca"]
[Date "30.12.2019"]
[Round "13.99"]
[White "Al Nhier, Hamoud"]
[Black "Belousov, Danila"]
[Result "1-0"]
[WhiteTitle "FM"]
[BlackTitle "FM"]
[WhiteElo "1934"]
[BlackElo "2274"]
[WhiteFideId "21500045"]
[BlackFideId "4167350"]
[EventDate "2019.12.29"]

1. c4 g6 2. g3 Bg7 3. Bg2 e5 4. Nc3 Nc6 5. Nf3 Nf6 6. d3 O-O 7. O-O d6 8. a3 a5
9. Rb1 h6 10. b4 axb4 11. axb4 Be6 12. e4 Qd7 13. b5 Ne7 14. Bd2 b6 15. Qc2 Kh7
16. Rfd1 Bg4 17. Be3 Ra5 18. d4 exd4 19. Bxd4 Qe6 20. Nd5 Nfxd5 21. cxd5 Qd7 22.
Bxg7 Kxg7 23. Qd3 g5 24. Rdc1 Bxf3 25. Bxf3 Ra7 26. Kg2 Ng6 27. Qc3+ Kh7 28. h3
Qe7 29. Re1 Ne5 30. Bd1 Qf6 31. Bc2 Kg7 32. Rf1 Ra2 33. f4 gxf4 34. Rxf4 Qe7 35.
Rbf1 f6 36. Kg1 h5 37. Bd1 Ng6 38. Rf5 Qxe4 39. R5f3 Ne5 40. Qxc7+ Rf7 41. Qxd6
Nxf3+ 42. Bxf3 Qd4+ 43. Kh1 Qd3 44. Be2 Qxe2 45. Rg1 Qf2 46. Qxb6 Re7 47. d6
Qxb6 1-0

[Event "Mondiale Lampo FIDE 2019"]
[Site "Mosca"]
[Date "30.12.2019"]
[Round "13.100"]
[White "Al Ghamdi, Ahmed M"]
[Black "Miranda Neto, Jayme Amorim"]
[Result "1-0"]
[WhiteTitle "CM"]
[BlackTitle "CM"]
[WhiteElo "2107"]
[BlackElo "2102"]
[WhiteFideId "21500150"]
[BlackFideId "2115964"]
[EventDate "2019.12.29"]

1. e4 c6 2. d4 d5 3. Nd2 dxe4 4. Nxe4 Bf5 5. Ng3 Bg6 6. h4 h6 7. Nf3 Nd7 8. h5
Bh7 9. Bd3 Bxd3 10. Qxd3 Ngf6 11. Bd2 e6 12. O-O-O Bd6 13. Ne4 Nxe4 14. Qxe4 Nf6
15. Qe2 Qc7 16. Kb1 O-O-O 17. c4 c5 18. g3 Qc6 19. dxc5 Bxc5 20. Ne5 Qe4+ 21.
Qxe4 Nxe4 22. Nxf7 Nxd2+ 23. Rxd2 Rxd2 24. Nxh8 Bd4 25. b3 Rxf2 26. Re1 e5 27.
Ng6 Rb2+ 28. Kc1 Rxa2 29. Re4 Rg2 30. g4 Kd7 31. Nxe5+ Bxe5 32. Rxe5 Rxg4 33.
Rf5 Rg5 34. Rf7+ Kc6 35. Kc2 a6 36. Kc3 b6 37. b4 Rg4 38. Kd3 b5 39. cxb5+ Kxb5
40. Ra7 Rxb4 41. Rxg7 Rh4 42. Kc3 Rxh5 43. Rb7+ Kc6 44. Rg7 Rh1 45. Kb4 h5 46.
Ka5 Kd5 47. Kxa6 h4 48. Kb6 Ke4 49. Kc6 Kf3 50. Kd5 h3 51. Ke5 h2 52. Rf7+ Ke3
53. Rh7 Kf3 54. Kf5 Kg3 55. Rg7+ Kf3 56. Rh7 Ke3 57. Ke5 Kd3 58. Kd5 Ke2 59. Ke4
Kf2 60. Kf4 Kg2 61. Rg7+ Kf2 62. Rh7 Ke2 63. Ke4 Kd2 64. Kd4 Kc2 65. Kc4 Kb2 66.
Kb4 Kc2 67. Kc4 Kd2 68. Kd4 Ke2 69. Ke4 Kf2 70. Kf4 Rf1 71. Rxh2+ Kg1+ 72. Kg3
Rf3+ 73. Kxf3 Kxh2 1-0

[Event "Mondiale Lampo FIDE 2019"]
[Site "Mosca"]
[Date "30.12.2019"]
[Round "13.101"]
[White "Al Thebaiti, Ahmed M"]
[Black "Zarubitski, Viachaslau"]
[Result "0-1"]
[WhiteTitle "CM"]
[BlackTitle "IM"]
[WhiteElo "1976"]
[BlackElo "2451"]
[WhiteFideId "21502390"]
[BlackFideId "13509373"]
[EventDate "2019.12.29"]

1. d4 Nf6 2. Bf4 g6 3. e3 Bg7 4. Nc3 O-O 5. h4 d6 6. h5 Nxh5 7. Rxh5 gxh5 8.
Qxh5 f5 9. Nf3 Qe8 10. Qxe8 Rxe8 11. Nd5 Na6 12. Bxa6 bxa6 13. Nxc7 Bb7 14. Nxa8
Bxa8 15. O-O-O Rc8 16. b3 a5 17. c4 Be4 18. Ng5 Bxg2 19. Rg1 Bb7 20. Ne6 Kf7 21.
Rxg7+ Kxe6 22. Rxh7 Rg8 23. d5+ Kd7 24. Bg3 a4 25. Kc2 axb3+ 26. axb3 a5 27. Rf7
a4 28. bxa4 Rc8 29. Bh4 Rxc4+ 30. Kd3 Rxh4 31. Rxf5 Rxa4 32. e4 Ra3+ 33. Ke2
Ba6+ 34. Ke1 Bd3 35. f3 Ra2 36. Rf4 Ke8 37. Rf5 Kd8 38. Rf7 Kd7 39. Rf4 Bc4 40.
Rf7 Rh2 41. Rf4 Bb5 42. Rf7 Re2+ 43. Kd1 Rg2 44. Ke1 Ke8 45. Rf4 Bd7 46. Kf1 Rh2
47. Kg1 Rh7 48. Kf2 Kd8 49. Ke3 Kc7 50. Rf8 Bb5 51. f4 Rh3+ 52. Kd2 Rd3+ 53. Kc2
Re3 54. e5 dxe5 55. Rf5 Kd6 56. fxe5+ Rxe5 57. Rf4 Rxd5 58. Kc3 Bd7 59. Rh4 e5
60. Kc4 Be6 61. Rh6 Rd4+ 62. Kc3 Kd5 63. Rg6 Rh4 64. Rg7 Rh3+ 65. Kb4 e4 66.
Rg5+ Kd4 67. Rg6 Rb3+ 68. Ka4 Bd5 69. Rd6 Rb8 70. Rd7 e3 71. Re7 Be4 0-1

[Event "Mondiale Lampo FIDE 2019"]
[Site "Mosca"]
[Date "30.12.2019"]
[Round "13.102"]
[White "Al Mutairi, Hassan S"]
[Black "Usov, Aleksandr E."]
[Result "0-1"]
[WhiteTitle "CM"]
[WhiteElo "1883"]
[BlackElo "2012"]
[WhiteFideId "21500193"]
[BlackFideId "24257109"]
[EventDate "2019.12.29"]

1. Nf3 Nf6 2. c4 c6 3. g3 d5 4. Bg2 Bf5 5. O-O e6 6. cxd5 cxd5 7. Qb3 Qb6 8. Nc3
Nc6 9. d3 Bd6 10. Nh4 Bg4 11. h3 Bh5 12. Nf3 O-O 13. Bg5 Nd7 14. Rac1 Qxb3 15.
axb3 Bxf3 16. exf3 Nd4 17. Rcd1 Nxb3 18. Nb5 Bb8 19. d4 a6 20. Nc3 Ba7 21. Be3
Nb6 22. Rd3 Nc4 23. Nxd5 exd5 24. Rxb3 b5 25. f4 Rfd8 26. f5 Rab8 27. Ra1 a5 28.
Bf4 Rb7 29. Rd1 b4 30. Be3 a4 31. Rbd3 Nxb2 32. R3d2 Nxd1 33. Rxd1 b3 34. Bg5 f6
35. Bd2 a3 36. Bc3 b2 37. Rb1 Rb5 38. Bf1 Rb3 39. Bd2 a2 0-1

[Event "Mondiale Lampo FIDE 2019"]
[Site "Mosca"]
[Date "30.12.2019"]
[Round "13.103"]
[White "Masrahi, Abdulrahman A"]
[Black "Gutenev, Alexander"]
[Result "1-0"]
[WhiteTitle "CM"]
[BlackTitle "IM"]
[WhiteElo "1956"]
[BlackElo "2469"]
[WhiteFideId "21501564"]
[BlackFideId "4195540"]
[EventDate "2019.12.29"]

1. Nf3 Nf6 2. g3 b6 3. Bg2 Bb7 4. O-O g6 5. c4 Bg7 6. Nc3 O-O 7. b3 e6 8. Bb2
Re8 9. Qc2 d5 10. d4 Na6 11. a3 dxc4 12. bxc4 c5 13. Rfd1 Qe7 14. d5 exd5 15.
cxd5 Rad8 16. Qb3 Nc7 17. e4 Ng4 18. Nd2 Ba6 19. a4 Qf6 20. Bf3 Ne5 21. Be2 Nd3
22. Bxd3 Bxd3 23. Nc4 Bxc4 24. Qxc4 h5 25. Rd2 Qg5 26. Rad1 h4 27. Qe2 h3 28. f4
Qh6 29. Nb5 Nxb5 30. axb5 Qh8 31. Bxg7 Qxg7 32. e5 f6 33. e6 Rd6 34. Qg4 f5 35.
Qxh3 c4 36. Qf1 Rc8 37. Rc2 Rc5 38. Rxc4 Rcxd5 39. Rxd5 Rxd5 40. Rc8+ Kh7 41.
Qh3+ Qh6 42. Rh8+ Kxh8 43. Qxh6+ 1-0

[Event "Mondiale Lampo FIDE 2019"]
[Site "Mosca"]
[Date "30.12.2019"]
[Round "14.3"]
[White "Artemiev, Vladislav"]
[Black "Matlakov, Maxim"]
[Result "0-1"]
[WhiteTitle "GM"]
[BlackTitle "GM"]
[WhiteElo "2731"]
[BlackElo "2699"]
[WhiteFideId "24101605"]
[BlackFideId "4168003"]
[EventDate "2019.12.29"]

1. c4 e5 2. d3 Nf6 3. Nf3 Nc6 4. a3 d5 5. cxd5 Nxd5 6. e3 Be7 7. Qc2 a5 8. b3 f5
9. Bb2 Bf6 10. Be2 O-O 11. Nbd2 g5 12. h3 Bg7 13. g4 fxg4 14. hxg4 Bxg4 15. Rg1
h5 16. Qc4 e4 17. Bxg7 exf3 18. Bxf8 fxe2 19. Bc5 Ne5 20. Qe4 Nf4 21. exf4 Nxd3+
22. Qxd3 Qxd3 23. f3 Qc3 24. fxg4 Qxa1+ 25. Kxe2 Re8+ 26. Kd3 Rd8+ 27. Ke2 Qc3
28. Be3 Re8 0-1

[Event "Mondiale Lampo FIDE 2019"]
[Site "Mosca"]
[Date "30.12.2019"]
[Round "14.4"]
[White "Dubov, Daniil"]
[Black "Zubov, Alexander"]
[Result "1/2-1/2"]
[WhiteTitle "GM"]
[BlackTitle "GM"]
[WhiteElo "2690"]
[BlackElo "2601"]
[WhiteFideId "24126055"]
[BlackFideId "14109409"]
[EventDate "2019.12.29"]

1. c4 Nf6 2. Nc3 d5 3. cxd5 Nxd5 4. g3 e5 5. Bg2 Nxc3 6. bxc3 Bd6 7. Nf3 O-O 8.
O-O Nc6 9. d3 Rb8 10. Qc2 Bd7 11. a4 b6 12. d4 h6 13. e3 Re8 14. Bb2 Qf6 15. Nd2
Na5 16. Rae1 Qe7 17. f4 exd4 18. cxd4 f5 19. d5 Rbc8 20. e4 c6 21. e5 Bc5+ 22.
Kh1 cxd5 23. Qd3 Be6 24. g4 Nc4 25. Bc3 Nxd2 26. Bxd2 g6 27. gxf5 Bxf5 28. Bxd5+
Kh7 29. Qf3 Rcd8 30. Bc3 Qd7 31. Bc6 Qe6 32. Bxe8 Rxe8 33. h4 h5 34. Kh2 Qa2+
35. Re2 Qxa4 36. Rd2 Re7 37. Qd5 Be3 38. Rdf2 Bxf2 39. Rxf2 Rd7 40. Qa8 Qe4 41.
Qxe4 Bxe4 42. e6 Re7 43. Rd2 Bf5 44. Bb4 Rxe6 45. Rd7+ Kg8 46. Rxa7 Re3 47. Bd6
Rh3+ 48. Kg2 Rxh4 49. Be5 Rg4+ 50. Kf3 h4 51. Rb7 h3 52. Rxb6 h2 53. Rb8+ Kf7
54. Rh8 1/2-1/2

[Event "Mondiale Lampo FIDE 2019"]
[Site "Mosca"]
[Date "30.12.2019"]
[Round "14.5"]
[White "Firouzja, Alireza"]
[Black "Andreikin, Dmitry"]
[Result "1-0"]
[WhiteTitle "GM"]
[BlackTitle "GM"]
[WhiteElo "2723"]
[BlackElo "2724"]
[WhiteFideId "12573981"]
[BlackFideId "4158814"]
[EventDate "2019.12.29"]

1. e4 e5 2. Nf3 Nc6 3. Bb5 Nf6 4. d3 Bc5 5. Bxc6 dxc6 6. O-O Nd7 7. c3 O-O 8. d4
Bd6 9. Bg5 f6 10. Bh4 Qe8 11. Nbd2 Qe6 12. Bg3 b6 13. Re1 Ba6 14. Qc2 Kh8 15. b3
c5 16. d5 Qf7 17. a4 g5 18. Nf1 Bxf1 19. Kxf1 Qg6 20. Nd2 h5 21. h4 Rg8 22. Nf3
Raf8 23. Ra2 a5 24. Qe2 Rf7 25. Qe3 c4 26. bxc4 g4 27. Nd2 Nc5 28. Kg1 Bf8 29.
Qe2 Bh6 30. Nf1 Kg7 31. Qc2 Kf8 32. Rb2 Rd7 33. Rb5 Ke7 34. Rxc5 bxc5 35. Qb3
Qe8 36. Qb5 Rd6 37. Qxc5 Qxa4 38. Qxc7+ Rd7 39. Qc5+ Kf7 40. Rb1 Bf8 41. Qb6 Rd6
42. Qb7+ Rd7 43. Qa6 Rd6 44. Rb6 Rxb6 45. Qxb6 Qxc4 46. Qe6+ Kg7 47. Ne3 Qxe4
48. Nf5+ Kh7 49. Qf7+ Rg7 50. Nxg7 Bxg7 51. Qxh5+ Kg8 52. Qe8+ Kh7 53. d6 f5 54.
d7 Qe1+ 55. Kh2 f4 56. Qh5+ Bh6 57. d8=Q fxg3+ 58. fxg3 1-0

[Event "Mondiale Lampo FIDE 2019"]
[Site "Mosca"]
[Date "30.12.2019"]
[Round "14.6"]
[White "Giri, Anish"]
[Black "Jobava, Baadur"]
[Result "1/2-1/2"]
[WhiteTitle "GM"]
[BlackTitle "GM"]
[WhiteElo "2769"]
[BlackElo "2604"]
[WhiteFideId "24116068"]
[BlackFideId "13601520"]
[EventDate "2019.12.29"]

1. e4 e5 2. Nf3 Nf6 3. Nxe5 d6 4. Nf3 Nxe4 5. Nc3 Nxc3 6. dxc3 Be7 7. Be3 O-O 8.
Qd2 Nc6 9. O-O-O Bf5 10. Kb1 Qd7 11. Rg1 Rae8 12. Bd3 Bd8 13. h3 a6 14. Nd4 Bxd3
15. Qxd3 Ne5 16. Qf1 Nc6 1/2-1/2

[Event "Mondiale Lampo FIDE 2019"]
[Site "Mosca"]
[Date "30.12.2019"]
[Round "14.7"]
[White "Vachier-Lagrave, Maxime"]
[Black "Aronian, Levon"]
[Result "1-0"]
[WhiteTitle "GM"]
[BlackTitle "GM"]
[WhiteElo "2780"]
[BlackElo "2775"]
[WhiteFideId "623539"]
[BlackFideId "13300474"]
[EventDate "2019.12.29"]

1. Nf3 d5 2. g3 Nf6 3. Bg2 e6 4. O-O Be7 5. b3 O-O 6. Bb2 c5 7. e3 Nc6 8. d4
cxd4 9. Nxd4 Bd7 10. Nd2 Nxd4 11. Bxd4 Bc6 12. c4 Rc8 13. Rc1 Qa5 14. a4 Rfd8
15. Qe2 Ne4 16. Nxe4 dxe4 17. Qb2 f6 18. Rfd1 Bb4 19. Qc2 Qf5 20. Bxa7 Rd3 21.
Bb6 h5 22. h3 h4 23. g4 Qg6 24. Bf1 Rc3 25. Qb2 Rd3 26. c5 f5 27. Bxd3 exd3 28.
Qd4 d2 29. Rc4 Bf3 30. Rxb4 Bxd1 31. Qxd2 fxg4 32. Qxd1 g3 33. Rxh4 Rf8 34. Rf4
Rxf4 35. exf4 gxf2+ 36. Kxf2 Qf5 37. Qd8+ Kf7 38. Qd4 Qc2+ 39. Ke3 Qxb3+ 40. Qd3
Qxa4 41. Bc7 Qb4 42. Qd7+ Kg6 43. Qxe6+ Kh5 44. Qg4+ Kh6 45. Qg5+ Kh7 46. Qh5+
Kg8 47. Qd5+ Kh8 48. Be5 Qe1+ 49. Kd3 Qd1+ 50. Kc4 Qa4+ 51. Kc3 Qa3+ 52. Kc2
Qa4+ 53. Qb3 Qe4+ 54. Kb2 Qg2+ 55. Ka3 Qc6 56. Bd6 Qa6+ 57. Kb4 Qe2 58. Qc4 Qb2+
59. Ka5 Qb1 60. Be5 1-0

[Event "Mondiale Lampo FIDE 2019"]
[Site "Mosca"]
[Date "30.12.2019"]
[Round "14.9"]
[White "Vavulin, Maxim"]
[Black "Vidit, Santosh Gujrathi"]
[Result "0-1"]
[WhiteTitle "GM"]
[BlackTitle "GM"]
[WhiteElo "2556"]
[BlackElo "2721"]
[WhiteFideId "4169530"]
[BlackFideId "5029465"]
[EventDate "2019.12.29"]

1. e4 e5 2. Nf3 Nc6 3. Bb5 a6 4. Ba4 Nf6 5. Qe2 Be7 6. c3 b5 7. Bb3 O-O 8. d4 d6
9. Nbd2 exd4 10. cxd4 Bg4 11. Qe3 Na5 12. Bc2 c5 13. dxc5 dxc5 14. O-O Be6 15.
h3 Nc6 16. Ng5 Nd4 17. Nxe6 fxe6 18. Bd1 e5 19. Nf3 Qc7 20. b3 Rad8 21. Bb2 Bd6
22. Rc1 Qb7 23. Nd2 Kh8 24. a3 Rf7 25. Kh1 Rfd7 26. Kg1 Bf8 27. Re1 Qb8 28. Nf3
Nxf3+ 29. Bxf3 Rd3 30. Qg5 Re8 31. Re3 Rd7 32. Ree1 h6 33. Qf5 Rd3 34. Rc3 Rd2
35. Bc1 Rd6 36. Rxc5 Rd3 37. Rc6 Rd6 38. Rxd6 Qxd6 39. b4 Qd3 40. Rd1 Qc3 41.
Kh1 Be7 42. Qg6 Rf8 43. Qf5 Nh7 44. Qh5 Bg5 45. Bxg5 Nxg5 46. Kg1 Qxa3 47. Qg6
Nxf3+ 48. gxf3 Qxf3 49. Rd2 Qf4 50. Rd7 Qxf2+ 0-1

[Event "Mondiale Lampo FIDE 2019"]
[Site "Mosca"]
[Date "30.12.2019"]
[Round "14.10"]
[White "Zhigalko, Sergei"]
[Black "Yu, Yangyi"]
[Result "0-1"]
[WhiteTitle "GM"]
[BlackTitle "GM"]
[WhiteElo "2571"]
[BlackElo "2738"]
[WhiteFideId "13502956"]
[BlackFideId "8603820"]
[EventDate "2019.12.29"]

1. e4 e5 2. Nf3 Nf6 3. d4 Nxe4 4. Bd3 d5 5. Nxe5 Bd6 6. O-O O-O 7. c4 c5 8. cxd5
Nf6 9. Nf3 cxd4 10. Nxd4 Nxd5 11. Re1 Nc6 12. Nxc6 bxc6 13. Nc3 Nxc3 14. bxc3
Be6 15. Be3 Re8 16. g3 h6 17. Be4 Qc7 18. Qf3 Rac8 19. a4 Be5 20. Bd4 Bxd4 21.
cxd4 Qd6 22. Qc3 c5 23. dxc5 Rxc5 24. Qf3 Qc7 25. Bd3 Rd8 26. Qe4 Bf5 27. Qxf5
Rxf5 28. Bxf5 Qc5 29. Be4 g6 30. Rac1 Qb4 31. Bc6 Rd2 32. Rf1 Kg7 33. Kg2 g5 34.
Bb5 h5 35. Rc4 Qd6 36. Rc6 Qd5+ 37. Kg1 h4 38. Rcc1 h3 39. Bc6 Qd4 40. a5 Ra2
41. Rcd1 Qc5 42. Bd7 Qxa5 43. Bxh3 Rd2 44. Ra1 Qc5 45. Rac1 Qb6 46. Rb1 Qd6 47.
Rb7 a5 48. Bg2 a4 49. Ra7 a3 50. Ra1 Qd4 0-1

[Event "Mondiale Lampo FIDE 2019"]
[Site "Mosca"]
[Date "30.12.2019"]
[Round "14.11"]
[White "Sychev, Klementy"]
[Black "Fedoseev, Vladimir3"]
[Result "0-1"]
[WhiteTitle "GM"]
[BlackTitle "GM"]
[WhiteElo "2563"]
[BlackElo "2677"]
[WhiteFideId "4114060"]
[BlackFideId "24130737"]
[EventDate "2019.12.29"]

1. e4 c6 2. d4 d5 3. Nd2 dxe4 4. Nxe4 Nf6 5. Nxf6+ exf6 6. c3 Bd6 7. Bd3 O-O 8.
Qc2 g6 9. h4 h5 10. Ne2 Kg7 11. Bd2 Qc7 12. O-O-O b5 13. f3 Be6 14. Rdg1 Nd7 15.
g4 hxg4 16. fxg4 Bd5 17. Rh3 Rae8 18. Ng3 Rh8 19. h5 Bf4 20. Kb1 Nf8 21. Qc1 Ne6
22. Nf5+ Kf8 23. Ne3 a6 24. Rf1 g5 25. Nf5 Bg2 26. Rhf3 Bxf3 27. Rxf3 Bxd2 28.
Qxd2 Ng7 29. a3 Nxf5 30. Rxf5 Re6 31. Qf2 Qe7 32. Bc2 Re1+ 33. Ka2 Re2 34. Qf3
Rxc2 35. Rxf6 Kg7 36. Qf5 Qxf6 0-1

[Event "Mondiale Lampo FIDE 2019"]
[Site "Mosca"]
[Date "30.12.2019"]
[Round "14.12"]
[White "Sarana, Alexey"]
[Black "Mamedyarov, Shakhriyar"]
[Result "1-0"]
[WhiteTitle "GM"]
[BlackTitle "GM"]
[WhiteElo "2663"]
[BlackElo "2772"]
[WhiteFideId "24133795"]
[BlackFideId "13401319"]
[EventDate "2019.12.29"]

1. d4 Nf6 2. c4 b6 3. f3 Bb7 4. e4 e6 5. Nc3 d5 6. cxd5 exd5 7. e5 Nfd7 8. f4 c5
9. Nf3 Nc6 10. Be3 cxd4 11. Nxd4 Bc5 12. Bb5 Nxd4 13. Bxd4 O-O 14. O-O Rc8 15.
Qd2 a6 16. Bxd7 Qxd7 17. Rad1 Qe7 18. Qe3 b5 19. a3 Bxd4 20. Rxd4 Rc4 21. Nxd5
Qc5 22. Rxc4 Qxc4 23. Nc3 Rd8 24. Re1 Qc6 25. Ne4 Qc2 26. Nf2 h6 27. b4 Rd2 28.
e6 fxe6 29. Qxe6+ Kh7 30. Qe3 Qc6 31. Qg3 Ra2 32. Ne4 Qd7 33. h3 Qd5 34. Nf6+ 1-0

[Event "Mondiale Lampo FIDE 2019"]
[Site "Mosca"]
[Date "30.12.2019"]
[Round "14.13"]
[White "Quparadze, Giga"]
[Black "Grischuk, Alexander"]
[Result "0-1"]
[WhiteTitle "GM"]
[BlackTitle "GM"]
[WhiteElo "2462"]
[BlackElo "2777"]
[WhiteFideId "13602250"]
[BlackFideId "4126025"]
[EventDate "2019.12.29"]

1. e4 d5 2. exd5 Qxd5 3. Nc3 Qa5 4. d4 Nf6 5. Nf3 c6 6. Bc4 Bf5 7. Bd2 Nbd7 8.
Qe2 Qc7 9. O-O e6 10. d5 cxd5 11. Nxd5 Nxd5 12. Bxd5 Be7 13. Be4 Bxe4 14. Qxe4
O-O 15. c4 Rac8 16. b3 Nc5 17. Qe2 Bf6 18. Rad1 Rfd8 19. Bg5 Bxg5 20. Nxg5 h6
21. Ne4 Qe5 22. Ng3 Qxe2 23. Nxe2 Kf8 24. Nd4 a6 25. f3 Rd6 26. b4 Rcd8 27. bxc5
Rxd4 28. Rxd4 Rxd4 29. Rc1 Ke8 30. Rb1 Rxc4 31. Rxb7 Rxc5 32. Rb2 Ra5 33. Kf2 g5
34. g4 Ke7 35. Kg3 Ra3 36. Re2 Kf6 37. Kg2 Kg6 38. h3 h5 39. Kg3 h4+ 40. Kg2 Kf6
41. Kf2 a5 42. Kg2 Rc3 43. a4 Rc4 44. Ra2 Ke5 45. Re2+ Kf4 46. Ra2 Rc3 47. Rb2
Rxf3 48. Rb5 Rg3+ 49. Kh2 f5 50. gxf5 exf5 51. Rxa5 Ra3 52. Rb5 Ra2+ 53. Kg1
Rxa4 54. Rb3 g4 55. Kg2 Ra2+ 56. Kg1 Re2 57. hxg4 fxg4 58. Ra3 h3 59. Rb3 g3 60.
Rb4+ Kf3 61. Rb3+ Re3 62. Rb1 Re4 63. Rb3+ Kg4 64. Rb1 Rf4 65. Rb2 g2 66. Rf2
Rxf2 67. Kxf2 Kf4 68. Kg1 Kf3 0-1

[Event "Mondiale Lampo FIDE 2019"]
[Site "Mosca"]
[Date "30.12.2019"]
[Round "14.14"]
[White "Vitiugov, Nikita"]
[Black "Dreev, Aleksey"]
[Result "0-1"]
[WhiteTitle "GM"]
[BlackTitle "GM"]
[WhiteElo "2747"]
[BlackElo "2677"]
[WhiteFideId "4152956"]
[BlackFideId "4100107"]
[EventDate "2019.12.29"]

1. Nf3 d5 2. g3 c6 3. Bg2 Bg4 4. h3 Bh5 5. b3 e6 6. Bb2 Nd7 7. d3 Ngf6 8. Nbd2
Bd6 9. O-O O-O 10. Qe1 e5 11. e4 Re8 12. Nh4 a5 13. a3 Qb6 14. Nf5 Bf8 15. Rb1
Rad8 16. Kh1 Nc5 17. f4 dxe4 18. Nc4 Qa7 19. dxe4 exf4 20. Bxf6 gxf6 21. gxf4
Bg6 22. Ng3 f5 23. e5 a4 24. b4 Ne6 25. Ne3 Rd4 26. Nexf5 Rxf4 27. Qd2 Rd8 28.
Qc3 Rf2 29. h4 Rdd2 30. Rg1 Nf4 31. e6 fxe6 32. Ne3 Bg7 33. Qc5 Qxc5 34. bxc5
Bd4 35. Ne4 Bxe3 36. Nxf2 Bxf2 37. Rgd1 Rxd1+ 38. Rxd1 Nxg2 39. Kxg2 Bxc5 0-1

[Event "Mondiale Lampo FIDE 2019"]
[Site "Mosca"]
[Date "30.12.2019"]
[Round "14.16"]
[White "Salem, A.R. Saleh"]
[Black "Ponkratov, Pavel"]
[Result "1-0"]
[WhiteTitle "GM"]
[BlackTitle "GM"]
[WhiteElo "2675"]
[BlackElo "2632"]
[WhiteFideId "9301348"]
[BlackFideId "4157800"]
[EventDate "2019.12.29"]

1. d4 d5 2. c4 c6 3. Nf3 Nf6 4. Nc3 dxc4 5. e4 b5 6. Be2 a6 7. O-O Bg4 8. h3
Bxf3 9. Bxf3 e6 10. a4 Nbd7 11. d5 Ne5 12. axb5 axb5 13. Rxa8 Qxa8 14. dxe6 fxe6
15. Bf4 Nd3 16. e5 Nd5 17. Bxd5 cxd5 18. Qg4 Kf7 19. Nxb5 Qa6 20. Nd4 Bc5 21.
Be3 Bxd4 22. Bxd4 Rf8 23. f4 Kg8 24. f5 exf5 25. Rxf5 Qg6 26. Rxf8+ Kxf8 27. Qd7
Nf4 28. Bc5+ Kg8 29. Qd8+ Kf7 30. Qe7+ 1-0

[Event "Mondiale Lampo FIDE 2019"]
[Site "Mosca"]
[Date "30.12.2019"]
[Round "14.17"]
[White "Indjic, Aleksandar"]
[Black "Tari, Aryan"]
[Result "0-1"]
[WhiteTitle "GM"]
[BlackTitle "GM"]
[WhiteElo "2619"]
[BlackElo "2634"]
[WhiteFideId "911925"]
[BlackFideId "1510045"]
[EventDate "2019.12.29"]

1. d4 Nf6 2. Nf3 d5 3. Bg5 Ne4 4. Bf4 c5 5. e3 Nc6 6. c3 g6 7. Nbd2 Bg7 8. Bd3
Nxd2 9. Qxd2 O-O 10. h4 h5 11. Bc2 Bg4 12. Ne5 Nxe5 13. dxe5 Qc7 14. e6 Qc6 15.
exf7+ Rxf7 16. f3 Bf5 17. Bxf5 Rxf5 18. Bg5 e6 19. O-O-O Raf8 20. Rhe1 R5f7 21.
Kb1 b5 22. Qc2 e5 23. e4 d4 24. cxd4 exd4 25. e5 Re8 26. f4 Rd7 27. Qe4 Qxe4+
28. Rxe4 d3 29. b3 Kf7 30. Kc1 Ke6 31. Kd2 Rc8 32. Rc1 Bf8 33. Rc3 c4 34. bxc4
Bb4 35. f5+ gxf5 36. Re1 Rxc4 37. Rc1 Rxc3 38. Rxc3 Rc7 0-1